NBA All-Time Statistical Leaders - Statistics

General Stats
  • This quiz has been taken 27 times
  • The average score is 57 of 75
Answer Stats
Answer % Correct
Kevin Durant
100%
Lebron James
100%
Lebron James
100%
Lebron James
100%
Russell Westbrook
100%
Russell Westbrook
100%
Russell Westbrook
100%
Chris Paul
95%
Chris Paul
95%
James Harden
95%
James Harden
95%
Kareem Abdul-Jabbar
95%
Kareem Abdul-Jabbar
95%
Kareem Abdul-Jabbar
95%
Kobe Bryant
95%
Wilt Chamberlain
95%
Wilt Chamberlain
95%
Hakeem Olajuwon
90%
Hakeem Olajuwon
90%
Hakeem Olajuwon
90%
Hakeem Olajuwon
90%
John Stockton
90%
John Stockton
90%
Magic Johnson
90%
Shaquille O'Neal
90%
Shaquille O'Neal
90%
Shaquille O'Neal
90%
Bill Russell
85%
David Robinson
85%
Jason Kidd
85%
Jason Kidd
85%
Karl Malone
85%
Karl Malone
85%
Karl Malone
85%
Michael Jordan
85%
Michael Jordan
85%
Moses Malone
85%
Moses Malone
85%
Dirk Nowitzki
80%
Kevin Garnett
80%
Scottie Pippen
80%
Steve Nash
80%
Alvin Robertson
75%
Dwight Howard
75%
Dwight Howard
75%
Oscar Robertson
75%
Tim Duncan
75%
Tim Duncan
75%
Dikembe Mutombo
70%
Gary Payton
70%
Gary Payton
70%
Patrick Ewing
70%
Allen Iverson
65%
Carmelo Anthony
65%
Isiah Thomas
65%
Robert Parish
65%
Robert Parish
65%
Brook Lopez
60%
Mark Jackson
60%
Rajon Rondo
60%
Andre Miller
55%
Ben Wallace
55%
Elvin Hayes
55%
Elvin Hayes
55%
Mark Eaton
55%
Alonzo Mourning
50%
Clyde Drexler
50%
Nate Thurmond
50%
Wes Unseld
50%
Marcus Camby
40%
Maurice Cheeks
35%
Walt Bellamy
35%
Mookie Blaylock
30%
Rod Strickland
30%
Tree Rollins
25%
No matching quizzes found
Score Distribution
Percent of People with Each Score
Percentile by Number Answered
Your Score History
You have not taken this quiz